Slobodný pohyb osôb - základné informácie o obsahu negociačného procesu

Slobodný pohyb osôb je jedna zo štyroch základných slobôd garantovaných Zmluvou o EÚ. Vzájomné uznávanie odborných kvalifikácií. Občianske práva. Slobodný pohyb pracovníkov. Bilaterálne dohody o vzájomnom zamestnávaní uzatvorené s členskými štátmi EÚ. Koordinácia sociálneho zabezpečenia.

Guardado en:
Detalles Bibliográficos
Autor principal: Gajdošová, Ľubica
Otros Autores: Barochová, Zora
Formato: Capítulo de libro
Lenguaje:eslovaco
Materias:
Etiquetas: Agregar Etiqueta
Sin Etiquetas, Sea el primero en etiquetar este registro!

MARC

LEADER 00000naa a2200000 4500
001 r048096
005 20230807082111.2
041 0 |a slo 
044 |a SK 
245 1 0 |a Slobodný pohyb osôb - základné informácie o obsahu negociačného procesu  |c Ľubica Gajdošová, Zora Barochová 
520 |a Slobodný pohyb osôb je jedna zo štyroch základných slobôd garantovaných Zmluvou o EÚ. Vzájomné uznávanie odborných kvalifikácií. Občianske práva. Slobodný pohyb pracovníkov. Bilaterálne dohody o vzájomnom zamestnávaní uzatvorené s členskými štátmi EÚ. Koordinácia sociálneho zabezpečenia. 
610 2 0 |a pohyb síl pracovných medzinárodný 
610 2 0 |a kvalifikácia 
610 2 0 |a odbornosť 
610 2 0 |a práva ľudské 
610 2 0 |a migrácia 
610 2 0 |a právo občianske 
610 2 0 |a zabezpečenie sociálne 
610 2 0 |a koordinácia 
610 2 0 |a Slovensko 
610 2 0 |a Európska únia 
100 1 |a Gajdošová, Ľubica 
700 1 |a Barochová, Zora